00473 2200169 4500001002100000005001700021008004100038035002900079090001900108100002000127245004600147250001000193260004100203300001900244650001600263990002400279INLIS00000000002254320140904085838.0  a##a0010-091400000000003 aR 629.13 Tim p aTimas Community aPenerbanganbEnsiklomini Sejarah Sainstek aCet 1 aBandungbTinta Emas Publishingc2008 a64 hlm ; 18 cm aPenerbangan a30591/pusdacil/2014